| 000 | 00584cam a2200157 4500500 | ||
|---|---|---|---|
| 005 | 20260201094957.0 | ||
| 041 | _afre | ||
| 042 | _adc | ||
| 100 | 1 | 0 |
_aDubet, François _eauthor |
| 245 | 0 | 0 | _aDu sentiment à l'action |
| 260 | _c2005. | ||
| 500 | _a79 | ||
| 520 | _aResumé Le sentiment d’injustice est plus répandu que jamais. Mais la représentation des causes et les relais collectifs font défaut. | ||
| 786 | 0 | _nRevue Projet | 289 | 6 | 2005-06-01 | p. 53-59 | 0033-0884 | |
| 856 | 4 | 1 | _uhttps://shs.cairn.info/revue-projet-2005-6-page-53?lang=fr&redirect-ssocas=7080 |
| 999 |
_c1640810 _d1640810 |
||